Представление документа в формате RUSMARC

ПолеНазваниеЗначение
  Тип записи a
  Библиографический уровень m
001 Контрольный номер 0e941282dcdf4b749ee35c22635fea72
005 Дата корректировки 20150226162056.6
010 Индекс ISBN __
a ISBN 978-5-9916-3309-3
101 Язык документа 0_
a Язык текста rus
102 Страна публикации __
a Страна публикации RU
200 Заглавие и сведения об ответственности 1_
a Заглавие Инвестиции. Теория и практика
b Общее обозначение материала Текст
e Сведения, относящиеся к заглавию учебник для бакалавров
f Первые сведения об ответственности Т.В. Теплова
205 Сведения об издании __
a Основные сведения об издании 2-е изд., перераб. и доп.
210 Выходные данные 1_
a Место издания Москва
c Издательство Издательство Юрайт
d Дата издания 2014
215 Физическое описание __
a Объем 782 с.
225 Серия 2_
a Серия Бакалавр. Углубленный курс
610 Ключевые слова 0_
a Ключевые слова Инвестиции. Теория и практика
686 Индексы других классификаций __
a Классификационный индекс 65.263
700 Автор _1
a Фамилия Теплова, Т.В.
801 Источник записи _0
a Страна RU
b Организация РУК
g Правила каталогизации PSBO
801 Источник записи _1
a Страна RU
b Организация РУК
g Правила каталогизации PSBO
852 Данные о местонахождении __
i Авторский знак Т 34
j Шифр хранения 65.263
901 Тип документа __
t Тип документа m
937 Технологическая информация __
a Создатель записи (имя) Ивашова
938 Служебная информация __
a Название организации Ивановский филиал
952 Тип литературы __
c Вид литературы учебник